书目信息 |
| 题名: |
先张法预应力混凝土空心板
|
|
| 作者: | ;上海市政工程设计研究总院 (集团) 公司 主编 | |
| 分册: | 桥梁 | |
| 出版信息: | 上海 同济大学出版社 2024.08 |
|
| 页数: | 136页 | |
| 开本: | 26x38cm | |
| 丛书名: | 上海市建筑标准设计 | |
| 单 册: | ||
| 中图分类: | TU375.2-65 , U448.35-65 , TU375.2 | |
| 科图分类: | ||
| 主题词: | 先张法预加应力--xian zhang fa yu jia ying li--混凝土空心板--标准--中国 , 先张法预加应力--xian zhang fa yu jia ying li--预应力混凝土桥--空心板梁--标准--上海 | |
| 电子资源: | ||
| ISBN: | 978-7-5765-1236-6 | |
| 000 | 01626nam 2200349 450 | |
| 001 | 93879 | |
| 005 | 20250819173034.75 | |
| 010 | @a978-7-5765-1236-6@dCNY180.00 | |
| 094 | @aCN@bDBJT 08-101-2024 | |
| 100 | @a20240927d2024 em y0chiy50 ea | |
| 101 | 0 | @achi |
| 102 | @aCN@b310000 | |
| 105 | @aak l 000yy | |
| 106 | @ad | |
| 106 | @ar | |
| 200 | 1 | @a先张法预应力混凝土空心板@Axian zhang fa yu ying li hun ning tu kong xin ban@i桥梁 |
| 210 | @a上海@c同济大学出版社@d2024.08 | |
| 215 | @a136页@c图@d26x38cm | |
| 225 | 2 | @a上海市建筑标准设计@Ashang hai shi jian zhu biao zhun she ji |
| 300 | @a上海市住房和城乡建设管理委员会发布 2023-10-08发布 2024-02-01实施 图集号2024沪Q003 | |
| 314 | @a版权页题: 上海市政工程设计研究总院 (集团) 有限公司主编 | |
| 330 | @a本标准设计根据上海市住房和城乡建设管理委员会《2021年上海市工程建设规范、建筑标准设计编制计划》 (沪建标定 [2020] 771号) 和上海市交通委员会《2021年度标准规范项目计划》 (沪交科 [2021] 169号) 进行修编。本标准设计适用于上海地区新建、改建的公路及城市桥梁上部结构先张法简支预应力混凝土刚接空心板。 | |
| 410 | 0 | @12001 @a上海市建筑标准设计 |
| 517 | 1 | @a桥梁@Aqiao liang |
| 606 | 0 | @a先张法预加应力@Axian zhang fa yu jia ying li@x混凝土空心板@x标准@y中国 |
| 606 | 0 | @a先张法预加应力@Axian zhang fa yu jia ying li@x预应力混凝土桥@x空心板梁@x标准@y上海 |
| 690 | @aTU375.2-65@v5 | |
| 690 | @aU448.35-65@v5 | |
| 690 | @aTU375.2@v4 | |
| 711 | 02 | @a上海市政工程设计研究总院 (集团) 公司@Ashang hai shi zheng gong cheng she ji yan jiu zong yuan (ji tuan) you xian gong si@4主编 |
| 801 | 0 | @aCN@c20250909 |
| 905 | @a河南城建学院图书馆@dTU375.2@eS282@f1 | |
| 先张法预应力混凝土空心板.桥梁.-上海:同济大学出版社,2024.08 |
| 136页:图;26x38cm.-(上海市建筑标准设计) |
| 上海市住房和城乡建设管理委员会发布 2023-10-08发布 2024-02-01实施 图集号2024沪Q003 |
| ISBN 978-7-5765-1236-6:CNY180.00 |
| 本标准设计根据上海市住房和城乡建设管理委员会《2021年上海市工程建设规范、建筑标准设计编制计划》 (沪建标定 [2020] 771号) 和上海市交通委员会《2021年度标准规范项目计划》 (沪交科 [2021] 169号) 进行修编。本标准设计适用于上海地区新建、改建的公路及城市桥梁上部结构先张法简支预应力混凝土刚接空心板。 |
| ● |
| 相关链接 |
|
|
|
正题名:先张法预应力混凝土空心板
索取号:TU375.2/S282
 
预约/预借
| 序号 | 登录号 | 条形码 | 馆藏地/架位号 | 状态 | 备注 |
| 1 | 1627807 | 216278070 | 建筑库101/101建筑库 88排4列4层/ [索取号:TU375.2/S282] | 在馆 |